| 000 | 01249nam a2200349Ia 4500 | ||
|---|---|---|---|
| 001 | ebr10132104 | ||
| 003 | CaPaEBR | ||
| 006 | m u | ||
| 007 | cr cn||||||||| | ||
| 008 | 061109s2006 wiua s 001 0 eng d | ||
| 010 | _z 2006286034 | ||
| 020 | _z9781931448055 | ||
| 020 | _z1931448043 | ||
| 020 | _z1931448051 | ||
| 020 | _z9781931448048 | ||
| 024 | 3 | _z9781931448048 | |
| 040 |
_aCaPaEBR _cCaPaEBR |
||
| 035 | _a(OCoLC)70804399 | ||
| 050 | 1 | 4 |
_aTK7895.M4 _bA97 2006eb |
| 082 | 0 | 4 |
_a004.5 _222 |
| 100 | 1 | _aAxelson, Jan. | |
| 245 | 1 | 0 |
_aUSB mass storage _h[electronic resource] : _bdesigning and programming devices and embedded hosts / _cJan Axelson. |
| 260 |
_aMadison, WI : _bLakeview Research LLC, _cc2006. |
||
| 300 |
_axvi, 287 p. : _bill. |
||
| 500 | _aIncludes index. | ||
| 533 |
_aElectronic reproduction. _bPalo Alto, Calif. : _cebrary, _d2009. _nAvailable via World Wide Web. _nAccess may be limited to ebrary affiliated libraries. |
||
| 650 | 0 | _aComputer storage devices. | |
| 650 | 0 | _aUSB (Computer bus) | |
| 655 | 7 |
_aElectronic books. _2local |
|
| 710 | 2 | _aebrary, Inc. | |
| 856 | 4 | 0 |
_uhttp://site.ebrary.com/lib/rucke/Doc?id=10132104 _zAn electronic book accessible through the World Wide Web; click to view |
| 999 |
_c80587 _d80587 |
||